<?xml version="1.0" encoding="UTF-8"?>
<record
    xmlns:xsi="http://www.w3.org/2001/XMLSchema-instance"
    xsi:schemaLocation="http://www.loc.gov/MARC21/slim http://www.loc.gov/standards/marcxml/schema/MARC21slim.xsd"
    xmlns="http://www.loc.gov/MARC21/slim">

  <leader>04198nab a2200361 i 4500</leader>
  <controlfield tag="003">BR-BrBNA</controlfield>
  <controlfield tag="005">20250616172503.0</controlfield>
  <controlfield tag="008">250616b2023    bl.mr|pooa||| 00| 0 eng |</controlfield>
  <datafield tag="040" ind1=" " ind2=" ">
    <subfield code="a">BR-BrBNA</subfield>
    <subfield code="b">eng</subfield>
  </datafield>
  <datafield tag="072" ind1=" " ind2=" ">
    <subfield code="a">F61</subfield>
  </datafield>
  <datafield tag="072" ind1=" " ind2=" ">
    <subfield code="a">F04</subfield>
  </datafield>
  <datafield tag="100" ind1=" " ind2=" ">
    <subfield code="a">Bernardes, Rodrigo da S. </subfield>
  </datafield>
  <datafield tag="100" ind1=" " ind2=" ">
    <subfield code="a">Santos, Silvia C. </subfield>
  </datafield>
  <datafield tag="100" ind1=" " ind2=" ">
    <subfield code="a">Santos, Cleberton C. </subfield>
  </datafield>
  <datafield tag="100" ind1=" " ind2=" ">
    <subfield code="a">Heid, Diego M. </subfield>
  </datafield>
  <datafield tag="100" ind1=" " ind2=" ">
    <subfield code="a">Vieira, Maria do C. </subfield>
  </datafield>
  <datafield tag="100" ind1=" " ind2=" ">
    <subfield code="a">Torales, Elissandra P. </subfield>
  </datafield>
  <datafield tag="245" ind1=" " ind2=" ">
    <subfield code="a">Ascophyllum nodosum seaweed extract and mineral nitrogen in Alibertia edulis seedlings</subfield>
  </datafield>
  <datafield tag="500" ind1=" " ind2=" ">
    <subfield code="a">Publica&#xE7;&#xE3;o on-line; 31 ref.; 5 illus; 3 tables; Sumaries (En, Pt)</subfield>
  </datafield>
  <datafield tag="520" ind1=" " ind2=" ">
    <subfield code="a">

ABSTRACT: Physiological and nutritional management is an important practice for obtaining high quality seedlings. The use of seaweed extract has emerged as an alternative to fertilizers and biostimulants, although information on this with respect to Alibertia edulis, a fruit-bearing species native to the Cerrado region, is scarce. The aim of this study was to evaluate the effects of the Ascophyllum nodosum L. seaweed extract (ANE), both with and without the addition of mineral nitrogen, on the growth, nitrogen nutrient efficiency indices, and quality of A. edulis seedlings. The seedlings received five doses of ANE (0, 5, 10, 15, and 20 mL L-1 of water) via foliar application, with and without the addition of mineral N to the soil (50 mg kg-1 of urea). A randomized block design was used with the treatments arranged in a 5 &#xD7; 2 factorial scheme. The plant height, stem diameter, chlorophyll index, and number of leaves obtained were analyzed in split-plots over time. Foliar application of 15 and 20 mL L-1 of ANE contributed to greater growth and seedling quality, regardless of the addition of mineral nitrogen. Seedlings treated with mineral N alongside 13.98 mL L-1 of ANE showed the greatest leaf area. The highest N use efficiency, N uptake, and nutrient use occurred in seedlings that received A. nodosum extract.

Key words: urea, biostimulant, nutritional management, nutrient use efficiency</subfield>
  </datafield>
  <datafield tag="520" ind1=" " ind2=" ">
    <subfield code="a">

RESUMO: O manejo fisiol&#xF3;gico e nutricional &#xE9; uma pr&#xE1;tica importante para obten&#xE7;&#xE3;o de mudas de alta qualidade e o uso de extrato de algas tem se tornado uma alternativa aos fertilizantes e bioestimulantes, mas informa&#xE7;&#xF5;es para Alibertia edulis, uma esp&#xE9;cie frut&#xED;fera e nativa do Cerrado, s&#xE3;o escassas. Objetivou-se com este trabalho avaliar o efeito de doses do extrato de alga Ascophyllum nodosum L. (ANE), associadas ou n&#xE3;o ao nitrog&#xEA;nio mineral no crescimento, &#xED;ndices de efici&#xEA;ncia do nutriente nitrog&#xEA;nio e na qualidade de mudas de A. edulis. As mudas receberam aplica&#xE7;&#xE3;o de cinco doses de ANE (0, 5, 10, 15 e 20 mL L-1 de &#xE1;gua) via foliar, sem e com adi&#xE7;&#xE3;o de N mineral (50 mg kg-1 de ureia ao solo). O delineamento utilizado foi o de blocos casualizados, e os tratamentos foram arranjados em esquema fatorial 5 &#xD7; 2. Os dados de altura, di&#xE2;metro do coleto, n&#xFA;mero de folhas e o &#xED;ndice de clorofila ao longo do tempo foram analisados em parcelas subdivididas no tempo. A aplica&#xE7;&#xE3;o foliar do extrato de A. nodosum nas doses de 15 e 20 mL L-1, contribuiu para maiores caracter&#xED;sticas de crescimento e qualidade de mudas, independente do uso de nitrog&#xEA;nio mineral. Mudas com N mineral e com 13,98 mL L-1 de ANE tiveram maior &#xE1;rea foliar. A maior efici&#xEA;ncia e absor&#xE7;&#xE3;o de N e uso de nutrientes ocorreu nas mudas que receberam o extrato de alga A. nodosum. 

Palavras-chave: ureia, bioestimulante, manejo nutricional, efici&#xEA;ncia do uso do nutriente</subfield>
  </datafield>
  <datafield tag="650" ind1=" " ind2=" ">
    <subfield code="a">CERRADO</subfield>
  </datafield>
  <datafield tag="650" ind1=" " ind2=" ">
    <subfield code="a">ESP&#xC9;CIE NATIVA</subfield>
  </datafield>
  <datafield tag="650" ind1=" " ind2=" ">
    <subfield code="a">EXTRATO VEGETAL</subfield>
  </datafield>
  <datafield tag="650" ind1=" " ind2=" ">
    <subfield code="a">NUTRI&#xC7;&#xC3;O VEGETAL</subfield>
  </datafield>
  <datafield tag="650" ind1=" " ind2=" ">
    <subfield code="a">UR&#xC9;IA</subfield>
  </datafield>
  <datafield tag="650" ind1=" " ind2=" ">
    <subfield code="a">BIOESTIMULANTE</subfield>
  </datafield>
  <datafield tag="650" ind1=" " ind2=" ">
    <subfield code="a">FISIOLOGIA VEGETAL</subfield>
  </datafield>
  <datafield tag="773" ind1="0" ind2=" ">
    <subfield code="0">3534</subfield>
    <subfield code="9">317831</subfield>
    <subfield code="d">Campina Grande-PB Universidade Federal de Campina Grande. Centro de Ci&#xEA;ncias e Tecnologia 1997</subfield>
    <subfield code="o">2024-4550</subfield>
    <subfield code="t">Revista Brasileira de Engenharia Agr&#xED;cola e Ambiental (Brazil)</subfield>
    <subfield code="x">1415-4366</subfield>
    <subfield code="g">v. 27 (3) p. 173-180; (2023)</subfield>
    <subfield code="w">BR2025001477</subfield>
  </datafield>
  <datafield tag="856" ind1=" " ind2=" ">
    <subfield code="u">https://www.scielo.br/j/rbeaa/a/5DcRc9VjRTsfVVrVdvwSXMM/?format=pdf&amp;lang=en</subfield>
  </datafield>
  <datafield tag="942" ind1=" " ind2=" ">
    <subfield code="c">ANA</subfield>
  </datafield>
  <datafield tag="999" ind1=" " ind2=" ">
    <subfield code="c">332087</subfield>
    <subfield code="d">332087</subfield>
  </datafield>
</record>
